| 000 | 00526nam a2200181Ia 4500 | ||
|---|---|---|---|
| 003 | GCL | ||
| 008 | 140319s9999 xx 000 0 eng d | ||
| 020 | _a9284500834 | ||
| 040 |
_aGCL / _cGCL |
||
| 082 | 0 | 4 |
_a355.031091821 _bN N |
| 245 | 1 | 0 | _aNATO HANDBOOK |
| 260 |
_aبلجيكا : _bNATO OFFICE OF INFORMATION AND PRESS ، _c1995 |
||
| 300 |
_a18 CM ؛ _c368 P |
||
| 650 | 0 | 4 | _aNORTH ATLANTIC TREATY ORGANIZATION - HANDBOOK |
| 650 | 0 | 4 | _aARMED FORECES - HANDBOOK |
| 650 | 0 | 4 | _aMILITARY SCIENCE - HANDBOOK |
| 942 |
_2ddc _cBK |
||
| 999 |
_c4670 _d4670 |
||